|
|
|
|
| LEADER |
01381nam a22003371a 4500 |
| 001 |
c000159022 |
| 003 |
CARM |
| 005 |
19960605000000.0 |
| 008 |
700415s1968 enka b 000 0 eng |
| 010 |
|
|
|a 70364486 //r964
|
| 015 |
|
|
|a B69-00468
|
| 019 |
1 |
|
|a 62737
|5 LACONCORD2021
|
| 020 |
|
|
|a 0340050489
|
| 035 |
|
|
|a (OCoLC)37157
|5 LACONCORD2021
|
| 040 |
|
|
|a LC
|b eng
|c LC
|d LC
|
| 041 |
1 |
|
|a engrus
|
| 043 |
|
|
|a e-ur---
|
| 050 |
0 |
0 |
|a QA11
|b .K513 1968
|
| 082 |
0 |
0 |
|a 510/.071/247
|
| 100 |
1 |
|
|a Khinchin, Aleksandr I︠A︡kovlevich,
|d 1894-1959.
|
| 240 |
1 |
0 |
|a Pedagogicheskie statʹi.
|l English.
|
| 245 |
1 |
4 |
|a The teaching of mathematics:
|b essays,
|c by A. Ya. Khinchin; edited by B. V. Gnedenko; translated from the Russian by W. Cochrane and D. Vere-Jones; supplementary material by B. V. Gnedenko, A. I. Markushevich and D. Vere-Jones.
|
| 260 |
|
|
|a London,
|b English Universities P.,
|c 1968.
|
| 300 |
|
|
|a xx,165 p.
|b illus.
|c 23 cm.
|
| 500 |
|
|
|a Translation of Pedagogicheskie statʹi.
|
| 504 |
|
|
|a Includes bibliographies.
|
| 650 |
|
0 |
|a Mathematics
|x Study and teaching.
|
| 650 |
|
0 |
|a Mathematics
|x Study and teaching
|z Soviet Union.
|
| 852 |
8 |
|
|b CARM
|h A2:AJ07B0
|i B04739
|p 0209153
|f BK
|
| 999 |
f |
f |
|i 0cc57260-44f1-5c62-bc20-f072bd3c7922
|s b6792ea2-1439-51f1-8d9c-da7d8b61f09f
|
| 952 |
f |
f |
|p Can circulate
|a CAVAL
|b CAVAL
|c CAVAL
|d CARM 1 Store
|e B04739
|f A2:AJ07B0
|h Other scheme
|i book
|m 0209153
|